| 000 | 00483nam a2200181Ia 4500 | ||
|---|---|---|---|
| 005 | 20250508151741.0 | ||
| 008 | 008 250505s9999 xx 000 0 hin d | ||
| 037 | _aTextual | ||
| 040 |
_aFEDL _beng _cFEDL |
||
| 041 |
_ahin _2hin |
||
| 084 |
_aFH, SHA _qFEDL |
||
| 100 |
_aSharma Tek Chand Ed. _9759888 |
||
| 245 | 0 | _aAdrarsh katha manjari | |
| 260 |
_aAjmer, India _bAdrash Pustak Mandir |
||
| 300 | _a222p | ||
| 942 |
_cTEXL _hFH, SHA |
||
| 999 |
_c1331909 _d1331909 |
||